[Event "SVK-ch U2400"]
[Site "Liptovsky Jan"]
[Date "2025.06.14"]
[Round "6"]
[White "Hornacek, Tomas"]
[Black "Mikus, Peter"]
[Result "0-1"]
[WhiteElo "1528"]
[BlackElo "1781"]
[PlyCount "52"]
[EventDate "2025.06.12"]
[EventType "swiss"]
[EventRounds "8"]
[EventCountry "SVK"]
[SourceTitle "CB25_2025"]
[SourceDate "2025.06.18"]
[SourceVersion "1"]
[SourceVersionDate "2025.06.18"]
[SourceQuality "1"]

1. e4 e6 2. d4 d5 3. Nc3 Bb4 4. exd5 exd5 5. Bd3 Nf6 6. Nge2 0-0 7. 0-0 Re8 8. Bd2 Bg4 9. f3 Bh5 10. Nf4 c6 11. Re1 Nbd7 12. Rxe8+ Qxe8 13. Nxh5 Nxh5 14. Nxd5 Bxd2 15. Nc7 Qe3+ 16. Kh1 Rc8 17. Qe2 Ng3+ 18. hxg3 Qh6+ 19. Kg1 Be3+ 20. Qxe3 Qxe3+ 21. Kf1 Rxc7 22. Re1 Qxd4 23. Bf5 Nf8 24. c3 Qc4+ 25. Kg1 g6 26. Bb1 Ne6 0-1

[Event "SVK-ch U2400"]
[Site "Liptovsky Jan"]
[Date "2025.06.12"]
[Round "1"]
[White "Mikus, Peter"]
[Black "Holly, Andrej"]
[Result "0-1"]
[WhiteElo "1781"]
[BlackElo "2188"]
[PlyCount "64"]
[EventDate "2025.06.12"]
[EventType "swiss"]
[EventRounds "8"]
[EventCountry "SVK"]
[SourceTitle "CB25_2025"]
[SourceDate "2025.06.18"]
[SourceVersion "1"]
[SourceVersionDate "2025.06.18"]
[SourceQuality "1"]

1. e4 c5 2. Nc3 Nc6 3. g3 g6 4. Bg2 Bg7 5. d3 d6 6. Nge2 e6 7. 0-0 Nge7 8. Nf4 0-0 9. Be3 Rb8 10. a4 a6 11. Rb1 b5 12. axb5 axb5 13. Qd2 Bd7 14. Nh3 Nd4 15. Ne2 e5 16. Nxd4 cxd4 17. Bh6 Qc8 18. Bxg7 Kxg7 19. Ng5 h6 20. Nf3 b4 21. b3 Qc5 22. Ne1 Ra8 23. f4 Ra2 24. h3 f5 25. Kh2 Be6 26. Rc1 Bxb3 27. g4 Be6 28. gxf5 gxf5 29. Qd1 exf4 30. Rxf4 Qe5 31. Qf3 Ng6 32. Qg3 Qxf4 0-1

[Event "SVK-chT2B 2324"]
[Site "Slovakia"]
[Date "2023.12.02"]
[Round "5.7"]
[White "Zernovic, Michal"]
[Black "Mikus, Peter"]
[Result "1/2-1/2"]
[WhiteElo "1848"]
[BlackElo "1688"]
[PlyCount "66"]
[EventDate "2023.10.07"]
[EventType "team-tourn"]
[EventRounds "11"]
[EventCountry "SVK"]
[SourceTitle "EXT 2025"]
[Source "ChessBase"]
[SourceDate "2024.10.14"]
[SourceVersion "1"]
[SourceVersionDate "2024.10.14"]
[SourceQuality "1"]
[WhiteTeam "Povazske Podhradie"]
[BlackTeam "Trencin"]
[WhiteTeamCountry "SVK"]
[BlackTeamCountry "SVK"]

1. e4 e6 2. f4 d5 3. e5 c5 4. c3 Nc6 5. Nf3 Nge7 6. d4 Qb6 7. Na3 a6 8. Nc2 cxd4 9. Ncxd4 Nxd4 10. Qxd4 Qc7 11. Bd3 Nc6 12. Qf2 Bd7 13. Be3 Be7 14. Bb6 Qc8 15. 0-0 f5 16. exf6 Bxf6 17. Ne5 0-0 18. Qg3 Ne7 19. Qh3 h6 20. Rae1 Bxe5 21. fxe5 Bb5 22. Rxf8+ Kxf8 23. Bxb5 axb5 24. Rf1+ Kg8 25. Qf3 Qe8 26. a3 Nf5 27. Bc5 Rc8 28. Bb4 Rc4 29. Kh1 Qg6 30. g3 Re4 31. Bc5 Rg4 32. Bf2 Re4 33. Re1 Rg4 1/2-1/2

[Event "SVK-chT3B2 2223"]
[Site "Slovakia"]
[Date "2022.10.23"]
[Round "1.7"]
[White "Mikus, Peter"]
[Black "Flak, Lubomir"]
[Result "1/2-1/2"]
[WhiteElo "1701"]
[BlackElo "1581"]
[PlyCount "105"]
[EventDate "2022.10.23"]
[EventType "team-tourn"]
[EventRounds "11"]
[EventCountry "SVK"]
[SourceTitle "EXT 2024"]
[Source "ChessBase"]
[SourceDate "2023.10.10"]
[SourceVersion "1"]
[SourceVersionDate "2023.10.10"]
[SourceQuality "1"]
[WhiteTeam "Trencin PK"]
[BlackTeam "Handlova"]
[WhiteTeamCountry "SVK"]
[BlackTeamCountry "SVK"]

1. Nf3 d5 2. e3 c5 3. c4 e6 4. d4 Nc6 5. cxd5 exd5 6. Nc3 Nf6 7. Be2 cxd4 8. Nxd4 Be7 9. 0-0 0-0 10. b3 Re8 11. Bb2 Bc5 12. Na4 Nxd4 13. Bxd4 Bxd4 14. Qxd4 b6 15. Bf3 Bb7 16. Rfd1 Qe7 17. Nc3 Qe5 18. Nxd5 Bxd5 19. Bxd5 Qxd4 20. Rxd4 Nxd5 21. Rxd5 Rad8 22. Rad1 Rxd5 23. Rxd5 g6 24. g3 Re7 25. Kg2 Kg7 26. Kf3 Rc7 27. Ke2 Kf6 28. e4 Rc2+ 29. Rd2 Rc7 30. f4 h6 31. Rd6+ Ke7 32. e5 Rc2+ 33. Rd2 Rc6 34. Ke3 f6 35. Ke4 f5+ 36. Kd4 Rc7 37. h4 h5 38. Rd3 Rc2 39. a4 Rc7 40. Rc3 Rd7+ 41. Kc4 a6 42. Rd3 Rc7+ 43. Kb4 Rc6 44. Ka3 a5 45. b4 Rc1 46. bxa5 bxa5 47. Kb3 Rb1+ 48. Kc4 Rb4+ 49. Kc3 Rxa4 50. Kb3 Re4 51. Ka3 a4 52. Kb2 Rb4+ 53. Ka3 1/2-1/2

[Event "SVK-chT3B2 2122"]
[Site "Slovakia"]
[Date "2021.11.07"]
[Round "2.5"]
[White "Kutny, Marian1"]
[Black "Mikus, Peter"]
[Result "0-1"]
[WhiteElo "1486"]
[BlackElo "1730"]
[PlyCount "46"]
[EventDate "2021.10.24"]
[EventType "team-tourn"]
[EventRounds "11"]
[EventCountry "SVK"]
[SourceTitle "EXT 2023"]
[Source "ChessBase"]
[SourceDate "2022.10.05"]
[SourceVersion "1"]
[SourceVersionDate "2022.10.05"]
[SourceQuality "1"]
[WhiteTeam "Belusa II"]
[BlackTeam "Trencin"]
[WhiteTeamCountry "SVK"]
[BlackTeamCountry "SVK"]

1. e4 e6 2. Bc4 d5 3. exd5 exd5 4. Qe2+ Be7 5. Bb3 Nf6 6. h3 0-0 7. d4 Re8 8. Be3 c6 9. Nf3 Nbd7 10. Nbd2 Bd6 11. 0-0 Nf8 12. Qd1 Bf5 13. c3 Ne4 14. Bh6 gxh6 15. Re1 Nxd2 16. Qxd2 Qf6 17. c4 Be4 18. c5 Bc7 19. Bd1 Ne6 20. Ne5 Nf4 21. f3 Bg6 22. Ng4 Qg5 23. Ne5 Nxh3+ 0-1

[Event "SVK-ch Amateurs"]
[Site "Topolcany"]
[Date "2021.08.06"]
[Round "1"]
[White "Solcan, Martin"]
[Black "Mikus, Peter"]
[Result "1-0"]
[WhiteElo "2076"]
[BlackElo "1703"]
[PlyCount "67"]
[EventDate "2021.08.06"]
[EventType "swiss"]
[EventRounds "7"]
[EventCountry "SVK"]
[SourceTitle "EXT 2022"]
[Source "ChessBase"]
[SourceDate "2021.10.06"]
[SourceVersion "1"]
[SourceVersionDate "2021.10.06"]
[SourceQuality "1"]

1. g3 Nf6 2. Bg2 d5 3. Nf3 Bf5 4. 0-0 e6 5. d3 Nbd7 6. c4 c6 7. Nbd2 Bc5 8. b3 0-0 9. Bb2 Re8 10. Qc2 Qb6 11. Rac1 Rad8 12. a3 a5 13. h3 h6 14. e4 dxe4 15. Nxe4 Nxe4 16. dxe4 Bh7 17. Kh2 Nf6 18. Ne5 Nh5 19. f4 Nf6 20. Rce1 Bd4 21. Nd3 Bxb2 22. c5 Qc7 23. Nxb2 Rd4 24. Nc4 Red8 25. Re2 R4d7 26. Qc3 Rd3 27. Qxa5 Qe7 28. b4 Rc3 29. Nd6 Nh5 30. Bf3 Nxf4 31. gxf4 Qh4 32. Bg2 Qg3+ 33. Kg1 Rxd6 34. Qa8+ 1-0

[Event "SVK-chT3B2 1718"]
[Site "Slovakia"]
[Date "2018.03.04"]
[Round "10.5"]
[White "Sopko, Rudolf"]
[Black "Mikus, Peter"]
[Result "1-0"]
[WhiteElo "1772"]
[BlackElo "1794"]
[PlyCount "119"]
[EventDate "2017.10.08"]
[EventType "team-tourn"]
[EventRounds "11"]
[EventCountry "SVK"]
[SourceTitle "EXT 2020"]
[Source "ChessBase"]
[SourceDate "2019.10.17"]
[SourceVersion "1"]
[SourceVersionDate "2019.10.17"]
[SourceQuality "1"]
[WhiteTeam "Trencin II"]
[BlackTeam "Nemsova Horne Srnie"]
[WhiteTeamCountry "SVK"]
[BlackTeamCountry "SVK"]

1. e4 e6 2. d4 d5 3. e5 c5 4. c3 Nc6 5. Nf3 cxd4 6. cxd4 Nge7 7. Nc3 Nf5 8. Bb5 Bd7 9. 0-0 Be7 10. a3 0-0 11. Be3 Rc8 12. Qd2 f6 13. Rac1 fxe5 14. Bxc6 Rxc6 15. dxe5 a6 16. Nd4 Rc8 17. f4 Nh4 18. g4 g6 19. Kh1 Kh8 20. Bf2 Bc5 21. Nce2 Rf7 22. b4 Be7 23. Bxh4 Bxh4 24. g5 h6 25. Rxc8 Bxc8 26. gxh6 g5 27. Qd3 Qg8 28. Rg1 g4 29. h3 g3 30. Nxg3 Rxf4 31. Nh5 Qf8 32. Nxf4 Qxf4 33. Qg6 Qe4+ 34. Qxe4 dxe4 35. Rg4 Bf2 36. Rxe4 b5 37. Rg4 Bb7+ 38. Kh2 Bd5 39. Ne2 Be3 40. Kg3 Bxh6 41. Nf4 Bc4 42. h4 Bg7 43. Rg5 Kh7 44. Kf3 Bb3 45. Ke4 Bf8 46. Rg3 Bc2+ 47. Kd4 Bf5 48. Nd3 Be7 49. Rg1 Bd8 50. Nc5 a5 51. Rg5 Bxg5 52. hxg5 axb4 53. axb4 Kg6 54. Na6 Bg4 55. Nc7 Be2 56. Nxe6 Kf5 57. Nc7 Kxg5 58. Kc5 Kg6 59. e6 Kf6 60. Kd6 1-0

[Event "SVK-chT3B2 1718"]
[Site "Slovakia"]
[Date "2017.11.19"]
[Round "4.8"]
[White "Cesnek, Peter"]
[Black "Mikus, Peter"]
[Result "0-1"]
[WhiteElo "1674"]
[BlackElo "1780"]
[PlyCount "92"]
[EventDate "2017.10.08"]
[EventType "team-tourn"]
[EventRounds "11"]
[EventCountry "SVK"]
[SourceTitle "EXT 2019"]
[Source "ChessBase"]
[SourceDate "2018.10.10"]
[SourceVersion "1"]
[SourceVersionDate "2018.10.10"]
[SourceQuality "1"]
[WhiteTeam "Povazska Bystrica Sparta II"]
[BlackTeam "Nemsova Horne Srnie"]
[WhiteTeamCountry "SVK"]
[BlackTeamCountry "SVK"]

1. e4 e6 2. d4 d5 3. e5 c5 4. Bb5+ Bd7 5. Bxd7+ Qxd7 6. c3 Nc6 7. Ne2 cxd4 8. cxd4 Nge7 9. 0-0 Ng6 10. a3 Be7 11. Nbc3 0-0 12. Be3 f6 13. f4 fxe5 14. fxe5 Rxf1+ 15. Kxf1 Rf8+ 16. Kg1 Nh4 17. Qd2 Nf5 18. Rf1 Bd8 19. g4 Nxe3 20. Rxf8+ Kxf8 21. Qxe3 Qf7 22. b4 Qg6 23. h3 a6 24. Qf2+ Kg8 25. Nf4 Qf7 26. b5 axb5 27. Nxb5 Bb6 28. Qe3 Bd8 29. Nd6 Qd7 30. Ne2 Be7 31. Nb5 Na5 32. a4 Nc4 33. Qc3 Bg5 34. Kg2 Qf7 35. Nd6 Ne3+ 36. Qxe3 Bxe3 37. Nxf7 Kxf7 38. Kf3 Bd2 39. h4 h6 40. Ng1 Kg6 41. Ke2 Bc1 42. Nf3 h5 43. gxh5+ Kxh5 44. Ng5 Bxg5 45. hxg5 Kxg5 46. Kd3 Kf4 0-1

[Event "Liptovsky Mikulas Relax op"]
[Site "Liptovsky Mikulas"]
[Date "2016.11.14"]
[Round "3"]
[White "Mikus, Peter"]
[Black "Jurcisin, Imrich"]
[Result "0-1"]
[WhiteElo "1768"]
[BlackElo "2009"]
[PlyCount "60"]
[EventDate "2016.11.13"]
[EventType "swiss"]
[EventRounds "7"]
[EventCountry "SVK"]
[SourceTitle "CBM 175 Extra"]
[Source "ChessBase"]
[SourceDate "2016.12.12"]
[SourceVersion "1"]
[SourceVersionDate "2016.12.12"]
[SourceQuality "1"]

1. e4 d5 2. exd5 Nf6 3. Nc3 Nxd5 4. Nxd5 Qxd5 5. d4 Nc6 6. Be3 Bf5 7. c3 e6 8. Nf3 Be7 9. Be2 0-0 10. 0-0 Rad8 11. Bf4 Bd6 12. Qc1 e5 13. dxe5 Nxe5 14. Rd1 Qe4 15. Nd4 Bc8 16. Bxe5 Qxe5 17. f4 Qxf4 18. Qxf4 Bxf4 19. Bf3 c5 20. Nb3 b6 21. c4 Be5 22. Bd5 Bxb2 23. Rab1 Bf6 24. Nd2 Bf5 25. Ne4 Bd4+ 26. Kf1 Rxd5 27. cxd5 Bxe4 28. Rbc1 Bxd5 29. Rc2 f5 30. Re1 Be4 0-1

[Event "Liptovsky Mikulas Relax op"]
[Site "Liptovsky Mikulas"]
[Date "2016.11.13"]
[Round "1"]
[White "Mikus, Peter"]
[Black "Jakab, Bela"]
[Result "0-1"]
[WhiteElo "1768"]
[BlackElo "2093"]
[PlyCount "56"]
[EventDate "2016.11.13"]
[EventType "swiss"]
[EventRounds "7"]
[EventCountry "SVK"]
[SourceTitle "CBM 175 Extra"]
[Source "ChessBase"]
[SourceDate "2016.12.12"]
[SourceVersion "1"]
[SourceVersionDate "2016.12.12"]
[SourceQuality "1"]

1. e4 e6 2. d4 d5 3. Nd2 c5 4. c3 Nc6 5. Ne2 cxd4 6. cxd4 Bb4 7. e5 f6 8. exf6 Nxf6 9. a3 Ba5 10. b4 Bb6 11. Nf3 0-0 12. Bg5 Qe8 13. Ng3 Ne4 14. Be3 Nd6 15. Bd3 Nf5 16. Nxf5 exf5 17. 0-0 f4 18. Bc1 Bg4 19. Bb2 Qh5 20. Be2 Rf6 21. g3 Raf8 22. Qb3 fxg3 23. fxg3 Bxf3 24. Rxf3 Rxf3 25. Qd1 Qg4 26. Rc1 Rxg3+ 27. hxg3 Qxg3+ 28. Kh1 Rf4 0-1

[Event "SVK-ch Seniors"]
[Site "Tatranske Matliare"]
[Date "2015.06.04"]
[Round "7"]
[White "Mikus, Peter"]
[Black "Jablonicky, Frantisek"]
[Result "0-1"]
[WhiteElo "1762"]
[BlackElo "2173"]
[PlyCount "46"]
[EventDate "2015.05.30"]
[EventType "swiss"]
[EventRounds "9"]
[EventCountry "SVK"]
[SourceTitle "EXT 2017"]
[Source "ChessBase"]
[SourceDate "2016.10.25"]
[SourceVersion "1"]
[SourceVersionDate "2016.10.25"]
[SourceQuality "1"]

1. e4 c6 2. d4 d5 3. Nd2 dxe4 4. Nxe4 Nf6 5. Nxf6+ gxf6 6. Bc4 Bf5 7. Ne2 e6 8. Be3 Bd6 9. Ng3 Bg6 10. h4 h5 11. Qd2 Qc7 12. Ne2 Nd7 13. 0-0-0 Nb6 14. Bd3 Bxd3 15. Qxd3 Nd5 16. Bd2 0-0-0 17. Kb1 Kb8 18. c4 Nf4 19. Nxf4 Bxf4 20. Qc3 Bxd2 21. Rxd2 Qf4 22. g3 Qe4+ 23. Qd3 Qxh1+ 0-1

[Event "Piestany op"]
[Site "Piestany"]
[Date "2013.11.18"]
[Round "1"]
[White "Jablonicky, Frantisek"]
[Black "Mikus, Peter"]
[Result "1-0"]
[WhiteElo "2173"]
[BlackElo "1782"]
[PlyCount "97"]
[EventDate "2013.11.18"]
[EventType "swiss"]
[EventRounds "7"]
[EventCountry "SVK"]
[SourceTitle "CBM 157 Extra"]
[Source "ChessBase"]
[SourceDate "2013.12.19"]
[SourceVersion "1"]
[SourceVersionDate "2013.12.19"]
[SourceQuality "1"]

1. g3 e5 2. Bg2 Nf6 3. c4 Bc5 4. e3 0-0 5. Ne2 a6 6. 0-0 d6 7. b3 Nc6 8. Bb2 Bg4 9. h3 Bxe2 10. Qxe2 Rb8 11. Nc3 Ne7 12. Rad1 Nf5 13. Ne4 Ba7 14. Qf3 Nxe4 15. Qxf5 Nf6 16. d4 exd4 17. exd4 Qc8 18. Qg5 h6 19. Qf4 Nh7 20. Rfe1 Re8 21. Kh2 Qd7 22. h4 Re7 23. Bh3 Qe8 24. Qd2 Nf6 25. Rxe7 Qxe7 26. Re1 Qf8 27. d5 Nh7 28. Qe2 Rd8 29. Kg2 Kh8 30. Bf5 Bc5 31. Qe7 Bb6 32. Bc3 Qxe7 33. Rxe7 Rf8 34. b4 Nf6 35. a4 a5 36. bxa5 Bc5 37. Rxc7 Kg8 38. Rxb7 Ra8 39. Rc7 Ne8 40. Rc8 Rxc8 41. Bxc8 Nc7 42. a6 Na8 43. Ba5 Ba7 44. Bd7 Nb6 45. Bb5 Kf8 46. Bc3 Nc8 47. a5 f6 48. Bd7 Ne7 49. Bd2 1-0

[Event "Tatry op"]
[Site "Tatranske Zruby"]
[Date "2013.09.29"]
[Round "1"]
[White "Privoznik, Lubos"]
[Black "Mikus, Peter"]
[Result "0-1"]
[WhiteElo "1627"]
[BlackElo "1804"]
[PlyCount "76"]
[EventDate "2013.09.29"]
[EventType "swiss"]
[EventRounds "9"]
[EventCountry "SVK"]
[SourceTitle "EXT 2023"]
[Source "ChessBase"]
[SourceDate "2022.10.05"]
[SourceVersion "1"]
[SourceVersionDate "2022.10.05"]
[SourceQuality "1"]

1. e4 e5 2. Nf3 Nc6 3. Bc4 d6 4. d4 exd4 5. Nxd4 Ne5 6. Bb3 Nf6 7. Nc3 Be7 8. h3 0-0 9. Be3 Bd7 10. Qe2 a6 11. a4 Re8 12. Nf3 Bc6 13. Rd1 Qc8 14. Bf4 Ng6 15. Bh2 Nxe4 16. Nxe4 Bxe4 17. Qc4 d5 18. Rxd5 Bxd5 19. Qxd5 Bf6+ 20. Kf1 Re7 21. g4 c6 22. Qc4 Bxb2 23. Kg2 Qe8 24. Ng5 b5 25. Qb4 h6 26. Bxf7+ Rxf7 27. Nxf7 Bf6 28. Nd6 Qe6 29. Re1 Qd5+ 30. Qe4 Nh4+ 31. Kh1 Nf3 32. Qxd5+ cxd5 33. Re8+ Rxe8 34. Nxe8 bxa4 35. Nxf6+ gxf6 36. Bd6 d4 37. Bb4 Kf7 38. Kg2 Ne1+ 0-1